00000000nam##2200000za#4500
0019.604797
003CaOODSP
00520220901164726
007cr |||||||||||
008150406|1995||||xxc|||||o    f|0| 0 fre|d
040 |aCaOODSP|bfre
043 |an-cn---
0861 |aJ3-7/1995-4F-PDF
1101 |aCanada.|bJustice Canada.
24510|aEnquête sur les activités motivées par la haine / |h[ressource électronique]|c[par] Jacquelyn Nelson, George Kiefl. Le Groupe de travail fédéral-provincial-territorial sur les relations multiculturelles et raciales dans le système de justice.
260 |aOttawa - Ontario : |bJustice Canada |c1995.
4901 |aRapport technique|vTR1995-4f
500 |aNon-révisé.
590 |a12-40-Supp|b2012-10-23
7201 |aKiefl, George
7201 |aNelson, Jacquelyn
77508|tSurvey of hate-motivated activity / |w(CaOODSP)9.575260
830#0|aRapport technique ;|vTR1995-4f|w(CaOODSP)9.502068
85640|ahttp://publications.gc.ca|qPDF|s88 Ko|uhttps://publications.gc.ca/collections/collection_2012/jus/J3-7-1995-4-fra.pdf|yTR1995-4f